| 000 | 00761aab a2200193 i 4500 | ||
|---|---|---|---|
| 001 | 768714001 | ||
| 003 | CO-MdFUSB | ||
| 005 | 20240422103334.0 | ||
| 008 | 240411t1985 ag ||||| |||| 00| 0 spa d | ||
| 040 |
_bspa _cCO-MdFUSB |
||
| 041 | _aspa | ||
| 100 | 1 |
_aMaldonado, Jorge E. _eautor |
|
| 245 |
_aCuando hay amor _c/ Jorge E. Maldonado |
||
| 300 |
_aVolumen 4, número 3 (septiembre, 1985), páginas: 100 - 101 _c; 27 cm |
||
| 520 | _a"Dios es amor" nos dice la Biblia. Nos anima a amarlo, conectarnos con Él como centro de todo afecto y amarnos a nosotros mismos y a quienes nos rodean. | ||
| 650 | 0 |
_aFamilias _9292 |
|
| 773 | 0 |
_tIglesia y Misión _049402 _959687 _gVolumen 4, número 3 (septiembre, 1985), páginas: 100 - 101 _qpáginas: 100 |
|
| 942 | _cANA | ||
| 999 |
_c51607 _d51607 |
||